Integrated Supervised Internship for GNM 3rd year part II nursing Students (Record no. 370851)

MARC details
000 -LEADER
fixed length control field 00663nam a2200217 4500
005 - DATE AND TIME OF LATEST TRANSACTION
control field 20260402112952.0
008 - FIXED-LENGTH DATA ELEMENTS--GENERAL INFORMATION
fixed length control field 260402b |||||||| |||| 00| 0 eng d
020 ## - INTERNATIONAL STANDARD BOOK NUMBER
International Standard Book Number 978-93-94525-77-1
041 ## - LANGUAGE CODE
Language code of text/sound track or separate title English
082 ## - DEWEY DECIMAL CLASSIFICATION NUMBER
Edition number 2nd, ed. 2025
100 ## - MAIN ENTRY--PERSONAL NAME
Author AD 610.6 KAU B13083
245 ## - TITLE STATEMENT
Title Integrated Supervised Internship for GNM 3rd year part II nursing Students
250 ## - EDITION STATEMENT
Edition statement 2nd 2025
260 ## - PUBLICATION, DISTRIBUTION, ETC.
Place of publication, distribution, etc. New Delhi
Name of publisher, distributor, etc. CBS Publishers & Distributors Pvt. Ltd.
Date of publication, distribution, etc. 2025
300 ## - PHYSICAL DESCRIPTION
Extent xxxii, 344p
Other physical details pb
Dimensions 24x17cm
365 ## - TRADE PRICE
Price type code Rupaye
Price amount 495
Currency code INR
500 ## - GENERAL NOTE
Keywords Administration
650 ## - SUBJECT ADDED ENTRY--TOPICAL TERM
Topical term or geographic name entry element Administration
651 ## - SUBJECT ADDED ENTRY--GEOGRAPHIC NAME
Geographic name Administration
942 ## - ADDED ENTRY ELEMENTS (KOHA)
Koha item type Books

No items available.